Manual de Zen Buddhism

Salvato in:
Dettagli Bibliografici
Autore principale: Suzuki, Daisetz Teitaro (Autore)
Natura: Libro
Lingua:inglese
Pubblicazione: Nueva York Grove Press Inc. 1960
Edizione:1a. ed
Soggetti:
Tags: Aggiungi Tag
Nessun Tag, puoi essere il primo ad aggiungerne!!

MARC

LEADER 00000cam a2200000 a 4500
001 UCE4178
003 CL-VaPUC
008 141016e19600000us |||||||||||||||||eng|d
082 0 4 |a 294.3927  |b SUZ  |2 21 
100 0 |a Suzuki, Daisetz Teitaro  |e author  |9 576780 
245 1 0 |a Manual de Zen Buddhism 
250 |a 1a. ed 
300 |a 192 p 
942 |c BK 
945 |d 20141016 12:02:00  |a dcastane 
260 |a Nueva York  |b Grove Press Inc.  |c 1960 
650 0 |a Budismo zen  |9 319173 
650 7 |a MEDITACION  |2 CL-VaPUC  |9 313094 
583 |a last modification  |c 20141016 12:02:00  |k Rodrigo Vera 
999 |c 357234  |d 357232 
952 |0 0  |1 0  |3 erb  |4 0  |6 294_392700000000000_SUZ_1960  |7 0  |8 A  |9 465097  |a BIBTEO  |b BIBTEO  |i 4999843  |o 294.3927 SUZ 1960  |p 4999843  |r 2025-01-17  |w 2019-11-23  |y BK  |z Catalogado en:20141016  |k ICR